000 00323nam a2200145Ia 4500
005 20251222153549.0
008 251222s9999||||xx |||||||||||||| ||spa||
020 _a8432296384
082 _a813.6/P34
100 _aPearl, Matthew
245 0 _aEl Club Dante
250 _a5ta.ed.
264 _bSeix Barral
942 _cLIB
999 _c30758
_d30758